[Event "SUI-ch U16"]
[Site "Biel"]
[Date "2022.07.20"]
[Round "6"]
[White "Gendre, Arthur"]
[Black "Palmonella, Valentin"]
[Result "0-1"]
[WhiteElo "1414"]
[BlackElo "1778"]
[PlyCount "56"]
[EventDate "2022.07.18"]
[EventType "swiss"]
[EventRounds "7"]
[EventCountry "SUI"]
[SourceTitle "EXT 2023"]
[Source "ChessBase"]
[SourceDate "2022.10.05"]
[SourceVersion "1"]
[SourceVersionDate "2022.10.05"]
[SourceQuality "1"]

1. d4 Nf6 2. c4 e6 3. Nf3 b6 4. Bg5 Be7 5. Nc3 Bb7 6. e3 d5 7. Be2 Nbd7 8. 0-0 0-0 9. cxd5 Nxd5 10. Bxe7 Qxe7 11. Rc1 c5 12. Bb5 Rfd8 13. Bxd7 Rxd7 14. Ne5 Nxc3 15. Rxc3 Rd5 16. Qa4 Qd6 17. dxc5 Qxe5 18. c6 Bxc6 19. Qxc6 Rad8 20. Rcc1 g6 21. g3 Qxb2 22. Qc4 Rc5 23. Qb3 Qxc1 24. Rxc1 Rxc1+ 25. Kg2 Rd2 26. Qb4 Rcc2 27. Qf4 Rxf2+ 28. Qxf2 Rxf2+ 0-1

[Event "SUI-ch U16"]
[Site "Biel"]
[Date "2022.07.19"]
[Round "3"]
[White "Gendre, Arthur"]
[Black "Saminskij, David"]
[Result "1/2-1/2"]
[WhiteElo "1414"]
[BlackElo "1469"]
[PlyCount "65"]
[EventDate "2022.07.18"]
[EventType "swiss"]
[EventRounds "7"]
[EventCountry "SUI"]
[SourceTitle "EXT 2023"]
[Source "ChessBase"]
[SourceDate "2022.10.05"]
[SourceVersion "1"]
[SourceVersionDate "2022.10.05"]
[SourceQuality "1"]

1. d4 d5 2. c4 e6 3. Nc3 Nf6 4. Bg5 Be7 5. Nf3 0-0 6. e3 b6 7. cxd5 Nxd5 8. Bxe7 Qxe7 9. Nxd5 exd5 10. Bd3 Bg4 11. h3 Bh5 12. 0-0 Nd7 13. Rc1 Nf6 14. Qc2 Bxf3 15. gxf3 c5 16. dxc5 Rac8 17. c6 Rfd8 18. Bb5 d4 19. c7 Rd5 20. Ba6 Rc5 21. Bxc8 Rxc2 22. Rxc2 Nd5 23. Rfc1 dxe3 24. Bg4 exf2+ 25. Kxf2 Qe3+ 26. Kg2 Nxc7 27. Rxc7 h5 28. Rc8+ Kh7 29. Bf5+ g6 30. Be4 f5 31. R1c7+ Kh6 32. Rh8+ Kg5 33. Ba8 1/2-1/2